| 000 | 01096nam a22002657a 4500 | ||
|---|---|---|---|
| 008 | 081020t xxu||||| |||| 00| 0 eng d | ||
| 010 | _aENG-91383 | ||
| 020 | _c60.00 | ||
| 035 | _aEN-74916 | ||
| 037 | _bDBAD / PUB | ||
| 040 |
_adpl _bEnglish |
||
| 082 | _a883.355 | ||
| 100 | _aMatheshwaran, M. | ||
| 245 |
_aSocial maladies in V.S. Naipaul's The mystic masseur and The suffrage of Elvira / _cby M. Matheshwaran |
||
| 260 |
_aMadurai _bRadha Publications _c2008 |
||
| 270 |
_a4/167, Mullai Street, Kurinji Nagar, Reserve Line Post, _bMudurai _e625014 |
||
| 300 |
_a56p. _c21cm (pbk) |
||
| 500 | _aIncludes references | ||
| 600 |
_aNaipaul, V.S. (Vidiadhar Surajprasad), 1932- _xCriticism and interpretation |
||
| 650 | _aPolitical fiction, Trinidadian and Tobagonian (English) | ||
| 650 |
_aMystics _xfiction |
||
| 650 |
_aPopular culture _xfiction |
||
| 942 |
_2ddc _cEN _mMAT _h883.355 |
||
| 999 |
_c16916 _d16916 |
||